000 00382nam a2200133 i 4500
001 bg
100 1 _aPIECZONKA, Kazimierz
245 0 _aAnalityczne metody wyznaczania podstawowych wielkości konstrukcyjnych i eksploatacyjnych /
_cKazimierz Pieczonka.
260 _aWrocław,
_c1976.
040 _cBPK
041 _apol
942 _cKS
008 s pl f |000 0 pol
999 _c27258
_d27258
856 _uhttp://koha.tu.koszalin.pl/cgi-bin/koha/opac-detail.pl?biblionumber=27258
_yKatalog online BPK